Diego y Frida te invitan a su Casa (Record no. 11609)

MARC details
000 -CABECERA
campo de control de longitud fija 00375nam a2200133 4500
005 - FECHA Y HORA DE LA ÚLTIMA TRANSACCIÓN
campo de control 20260530113855.0
100 1# - ENTRADA PRINCIPAL--NOMBRE DE PERSONA
Nombre de persona Museo casa estudio Diego Rivera y Frida Kahlo
9 (RLIN) 31695
245 10 - MENCIÓN DE TÍTULO
Título Diego y Frida te invitan a su Casa
264 #1 - PRODUCCIÓN, PUBLICACIÓN, DISTRIBUCIÓN, FABRICACIÓN Y COPYRIGHT
Nombre del de productor, editor, distribuidor, fabricante CONACULTA INBA
Fecha de producción, publicación, distribución, fabricación o copyright 1998
300 ## - DESCRIPCIÓN FÍSICA
Extensión 80 páginas
336 ## - TIPO DE CONTENIDO
Término de tipo de contenido texto
Fuente rdacontent
337 ## - TIPO DE MEDIO
Nombre/término del tipo de medio sin medio
Fuente rdamedia
338 ## - TIPO DE SOPORTE
Nombre/término del tipo de soporte volumen
Fuente rdacarrier

No items available.